000 00740cam a22002417a 4500
001 697134
003 CNVNFHGJT
005 20220326193249.0
008 960409s1995 cr 000 0 spa
010 _a 96135158
020 _a9977986746
035 _a(NcChVT)VT52CR174
040 _aDLC
_cDLC
050 0 0 _aMLCS 96/04857 (P)
082 _a863.44
_bC764l
100 2 _aContreras Castro, Fernando,
_d1963-
_9453
245 1 4 _aLos peor /
_cFernando Contreras Castro.
260 _a[San José] :
_bFarben Grupo Editorial Norma,
_cc1995.
300 _a247 p. ;
_c19 cm.
_bil (con color)
650 _aLiteratura
_xNovela
_zCosta Rica
_9543
906 _a7
_bcbc
_corignew
_d4
_encip
_f19
_gy-gencatlg
999 _c88
_d88